UM Logo

Filipino women entrepreneurs make powerful strides in franchising. (Record no. 14068)

MARC details
000 -LEADER
fixed length control field 00338nam a2200109 4500
008 - FIXED-LENGTH DATA ELEMENTS--GENERAL INFORMATION
fixed length control field 190731b ||||| |||| 00| 0 eng d
245 ## - TITLE STATEMENT
Title Filipino women entrepreneurs make powerful strides in franchising.
260 ## - PUBLICATION, DISTRIBUTION, ETC. (IMPRINT)
Place of publication, distribution, etc. Philippines:
Name of publisher, distributor, etc. The Philippine Star;
Date of publication, distribution, etc. c2019.
300 ## - PHYSICAL DESCRIPTION
Extent page E4.
650 #0 - SUBJECT ADDED ENTRY--TOPICAL TERM
9 (RLIN) 39074
Topical term or geographic name as entry element Entrepreneurs.
942 ## - ADDED ENTRY ELEMENTS (KOHA)
Source of classification or shelving scheme Dewey Decimal Classification
Koha item type Periodicals
Holdings
Withdrawn status Lost status Source of classification or shelving scheme Damaged status Not for loan Collection code Home library Current library Date acquired Total Checkouts Date last seen Price effective from Koha item type Public note
    Dewey Decimal Classification     Periodicals UM Digos College - LIC UM Digos College - LIC 07/31/2019   07/31/2019 07/31/2019 Periodicals Newspaper Clippings